[Event "Internet Section 06A g/8'+2\""]
[Site "Dos Hermanas"]
[Date "2004.03.06"]
[Round "8"]
[White "Cueva, Tony"]
[Black "Wageih, Kareim"]
[Result "1-0"]
[WhiteElo "2147"]
[BlackElo "2150"]
[PlyCount "81"]
[EventDate "2004.03.06"]
[EventType "swiss (blitz)"]
[EventRounds "9"]
[EventCountry "ESP"]
[SourceTitle "CBM 099 Extra"]
[Source "ChessBase"]
[SourceDate "2004.05.04"]
[SourceVersion "1"]
[SourceVersionDate "2004.05.04"]
[SourceQuality "1"]

1. d4 f5 2. c4 Nf6 3. Nc3 e6 4. Nf3 Bb4 5. g3 0-0 6. Bg2 d5 7. Qb3 Bxc3+ 8. Qxc3 c6 9. 0-0 Ne4 10. Qc2 Nd7 11. Bf4 Ndf6 12. Rfd1 Ng4 13. Rf1 g5 14. Bc1 h5 15. h3 Nh6 16. Ne5 Qf6 17. b4 Nf7 18. Bb2 Nxe5 19. dxe5 Qg6 20. Kh2 g4 21. f3 gxf3 22. exf3 Qxg3+ 23. Kg1 Ng5 24. f4 Nxh3+ 25. Kh1 Nxf4 26. Rf3 Qg4 27. Qf2 Ng6 28. Rg1 Kh7 29. Bh3 Qe4 30. Rg5 Kh6 31. Bc1 f4 32. Qg2 Nh4 33. Rxh5+ Kxh5 34. Qg4+ Kh6 35. Qxh4+ Kg7 36. Qe7+ Rf7 37. Qg5+ Kf8 38. Bg2 Qe1+ 39. Rf1 Rh7+ 40. Kg1 Qh4 41. Rxf4+ 1-0

[Event "Internet Section 06A g/8'+2\""]
[Site "Dos Hermanas"]
[Date "2004.03.06"]
[Round "2"]
[White "De la Plaza Gras, Jordi"]
[Black "Cueva, Tony"]
[Result "1/2-1/2"]
[WhiteElo "1924"]
[BlackElo "1664"]
[PlyCount "186"]
[EventDate "2004.03.06"]
[EventType "swiss (blitz)"]
[EventRounds "9"]
[EventCountry "ESP"]
[SourceTitle "CBM 099 Extra"]
[Source "ChessBase"]
[SourceDate "2004.05.04"]
[SourceVersion "1"]
[SourceVersionDate "2004.05.04"]
[SourceQuality "1"]

1. f4 c5 2. e3 Nc6 3. Nf3 b6 4. b3 Bb7 5. Bb2 e6 6. Bb5 Nf6 7. 0-0 Be7 8. Bxc6 Bxc6 9. Ne5 Bb7 10. c4 d6 11. Nf3 0-0 12. h3 Qd7 13. d4 Rad8 14. Nc3 Ne4 15. Qd3 Nxc3 16. Bxc3 Bf6 17. Ng5 g6 18. Rad1 Qe7 19. Ne4 Bg7 20. Qc2 d5 21. Nf2 dxc4 22. bxc4 cxd4 23. Bxd4 e5 24. Ba1 exf4 25. exf4 Rxd1 26. Rxd1 Rd8 27. Bxg7 Kxg7 28. Qc3+ Kg8 29. Re1 Qc5 30. Re5 Qd6 31. Ng4 Qd4+ 32. Qxd4 Rxd4 33. Re7 Bc6 34. Ne5 Be4 35. Rxa7 f6 36. Nd7 Rd6 37. c5 bxc5 38. Nxc5 f5 39. Nxe4 fxe4 40. Kf2 Rd3 41. Ra4 e3+ 42. Kf3 Rc3 43. g4 e2+ 44. Kxe2 Rxh3 45. Re4 Rh2+ 46. Kf3 Rxa2 47. g5 Ra3+ 48. Kg4 Kg7 49. Re7+ Kg8 50. Rc7 Ra8 51. Rc4 Rf8 52. Rc5 Kg7 53. Rc7+ Rf7 54. Rc6 h5+ 55. gxh6+ Kxh6 56. Re6 Rf5 57. Re8 Kg7 58. Re7+ Kf6 59. Ra7 Rb5 60. Ra6+ Kg7 61. Rd6 Rf5 62. Rb6 Kh6 63. Rb1 Kg7 64. Rb7+ Kh6 65. Rb8 Kg7 66. Rb7+ Kh6 67. Rb1 Kg7 68. Rc1 Kh6 69. Rh1+ Kg7 70. Ra1 Kh6 71. Ra7 Rb5 72. Rf7 Rb4 73. Rf6 Kg7 74. Rc6 Rb5 75. Rd6 Rb4 76. Kg5 Rb5+ 77. Kg4 Rf5 78. Rd7+ Kf6 79. Rd6+ Kg7 80. Rb6 Kh6 81. Rb8 Kg7 82. Rb7+ Kh6 83. Rb1 Kg7 84. Rb7+ Kh6 85. Rb1 Kg7 86. Rh1 Kf6 87. Rb1 Kg7 88. Rb6 Kh6 89. Re6 Kg7 90. Re5 Rxe5 91. fxe5 Kf7 92. Kg5 Ke6 93. Kxg6 Kxe5 1/2-1/2

[Event "Internet Section 06A g/8'+2\""]
[Site "Dos Hermanas"]
[Date "2004.03.06"]
[Round "7"]
[White "Karvinen, Kimmo"]
[Black "Cueva, Tony"]
[Result "1/2-1/2"]
[WhiteElo "2197"]
[BlackElo "2088"]
[PlyCount "147"]
[EventDate "2004.03.06"]
[EventType "swiss (blitz)"]
[EventRounds "9"]
[EventCountry "ESP"]
[SourceTitle "CBM 099 Extra"]
[Source "ChessBase"]
[SourceDate "2004.05.04"]
[SourceVersion "1"]
[SourceVersionDate "2004.05.04"]
[SourceQuality "1"]

1. e4 e6 2. d4 d5 3. Nc3 Nf6 4. e5 Nfd7 5. f4 c5 6. Nf3 Nc6 7. Be3 Qb6 8. Qd2 a6 9. Be2 Qc7 10. 0-0 b5 11. Nd1 cxd4 12. Nxd4 Nc5 13. Nf2 Be7 14. c3 0-0 15. Kh1 Bb7 16. g4 Rad8 17. Rg1 f6 18. b4 Nxd4 19. Bxd4 Ne4 20. Nxe4 dxe4 21. Qe3 fxe5 22. fxe5 Rd7 23. Raf1 Rf3 24. Rxf3 exf3 25. Bxf3 Bg5 26. Qe2 Qc4 27. Qd1 Qxa2 28. Bxb7 Rxb7 29. Rf1 Rd7 30. Qf3 Qd5 31. Qxd5 Rxd5 32. Ra1 Bf4 33. Rxa6 Bxe5 34. Bc5 Kf7 35. Rb6 Bxc3 36. Rxb5 Kf6 37. Kg2 Bxb4 38. Rxb4 Rxc5 39. Kg3 Rc3+ 40. Kg2 Kg5 41. Re4 Kf6 42. Rf4+ Kg5 43. Re4 Kf6 44. Rf4+ Ke7 45. Ra4 h6 46. Rf4 e5 47. Ra4 Kf6 48. Ra7 Rc4 49. Kf3 Rc3+ 50. Kg2 g6 51. h4 e4 52. Ra6+ Ke5 53. Rxg6 Kf4 54. Rxh6 Rc2+ 55. Kf1 Kxg4 56. Re6 Kf3 57. Rf6+ Kg3 58. Re6 Kf3 59. Rf6+ Ke3 60. h5 Rh2 61. h6 Kd3 62. Rd6+ Ke3 63. Rf6 Rh3 64. Rd6 Kf3 65. Rf6+ Kg4 66. Re6 Kf5 67. Ra6 Ke5 68. Ke2 Kf4 69. Rf6+ Kg5 70. Re6 Kf5 71. Ra6 Kf4 72. Rf6+ Ke5 73. Ra6 Kf4 74. Rf6+ 1/2-1/2